| 000 | 00539nam a2200193Ia 4500 | ||
|---|---|---|---|
| 003 | GCL | ||
| 008 | 140319s9999 xx 000 0 eng d | ||
| 040 |
_aGCL / _cGCL |
||
| 082 | 0 | 4 |
_aP _b630.2011 _bF S |
| 100 | 1 | _aFAO | |
| 245 | 1 | 0 |
_aA SYSTEMS PERSPECTIVE FOR SUSTAINABLE DRYLAND DEVELOPMENT IN THE NEAR EAST REGION / _cFAO |
| 260 |
_a[S.N] : _bFAO REGIONAL OFFICE FOR THE NEAR EAST ، _c1994 |
||
| 300 | _a49 P | ||
| 650 | 0 | 4 | _aENVIRONMENT |
| 650 | 0 | 4 | _aDEVELOPMENT |
| 650 | 0 | 4 | _aECONOMIC |
| 650 | 0 | 4 | _aAGRICULTURE |
| 942 |
_2ddc _cCR |
||
| 999 |
_c25906 _d25906 |
||